Sports Quiz

Random Sports or Baseball Quiz

MLB Non-HOF Career Batting Leaders Quiz Stats

 Plays Quiz not verified by Sporcle

Support Sporcle.
Go Orange.
Score 0/40 Timer 15:00
0 Plays Today
Catergory Player % Correct
Home RunsMark McGwire
97.2%
RBIMark McGwire
97.2%
HitsPete Rose
96.8%
Home RunsJeff Bagwell
93.2%
RBIJeff Bagwell
93.2%
Home RunsJose Canseco
92%
RBIJose Canseco
92%
Batting AverageShoeless Joe Jackson
90%
Home RunsFred McGriff
88%
RBIFred McGriff
88%
Home RunsJuan Gonzalez
78.7%
RBIJuan Gonzalez
78.7%
Home RunsDale Murphy
78.3%
Home RunsJoe Carter
76.7%
RBIJoe Carter
76.7%
Home RunsDave Kingman
71.1%
HitsTim Raines
66.7%
HitsHarold Baines
65.9%
RBIHarold Baines
65.9%
HitsSteve Garvey
57.4%
Catergory Player % Correct
HitsDave Parker
55.8%
RBIDave Parker
55.8%
HitsRusty Staub
55%
RBIRusty Staub
55%
Home RunsDarrell Evans
54.2%
Home RunsAndres Galarraga
53.4%
RBIAndres Galarraga
53.4%
HitsAl Oliver
38.6%
HitsVada Pinson
35.7%
Batting AverageLefty O'Doul
32.5%
HitsBill Buckner
31.7%
Batting AverageKen Williams
26.5%
Batting AverageRiggs Stephenson
16.5%
Batting AverageBabe Herman
14.9%
HitsDoc Cramer
10%
Batting AverageMike Donlin
5.6%
Batting AverageBob Fothergil
4%
Batting AverageJoe Harris
3.6%
Batting AverageBibb Falk
2.8%
Batting AverageLew Fonseca
1.6%

You're not logged in!

Compare scores with friends on all Sporcle quizzes.
OR
Log In

From the Vault

Alternating Consonants and Vowels

by Tahnan

We're detecting a pattern here.
Remove Ads.
Support Sporcle.
Get the best of Sporcle when you Go Orange. This ad-free experience offers more features, more stats, and more fun while also helping to support Sporcle. Thank you for becoming a member.

Show Comments

Extras

Top Quizzes Today


Score Distribution

Your Account Isn't Verified!

In order to create a playlist on Sporcle, you need to verify the email address you used during registration. Go to your Sporcle Settings to finish the process.

Report this User

Report this user for behavior that violates our Community Guidelines.

Details: